000 00922nas a2200289 i 4500
001 2743
003 ES-MaACL
005 20250729062616.0
007 t|
008 000209d19951999sp b| | 0 ||pa d
022 _a1135-710X
080 _a32
245 0 0 _aMeridiano Ceri.
260 _aMadrid :
_bCentro Español de Relaciones Internacionales,
_c1995-1999.
300 _a2 v. ;
_c28 cm.
310 _aBimestral
362 0 _aNº 1 (ene. 1995) - nº 30 (dic. 1999)
650 7 _aPolítica
_2embne
_9140345
655 7 _2tgfbne
_9226866
_aRevistas
710 2 _aCentro Español de Relaciones Internacionales.
_92732
852 _aES-MaACL
_jHEM-H-105
_xHem-1994
_cHEM
856 _uhttps://dialnet.unirioja.es/servlet/revista?codigo=19385
_ySumarios de la revista en Dialnet
866 0 _o1995-1999
942 _2udc
_cPERIODICA
999 _c2743
_d2743